00927nam a2200265 a 450000100060000000300080000600500170001400800390003103500190007004000270008904100080011608200220012410000390014624501050018526000410029030000360033150000270036750000500039465000360044465000190048065100370049965100500053665100390058670000360062533390BD-RjUL20211209052011.0140507s1937 nyua 001 0 eng a(BD-RjUL)33481 aDLCcDLCdBD-RjULbeng aeng a309.173bLYM 19371 aLynd, Robert Staughton,d1892-197010aMiddletown in transition :ba study in cultural conflicts /cby Robert S. Lynd & Helen Merrell Lynd. aNew York :bHarcourt, Brace,cc1937. axviii, 604 p. :bill. ;c24 cm. aPlan on lining-papers. aIncludes bibliographical footnotes and index. 0aCities and townszUnited States 0aCommunity life 0aUnited StatesxSocial conditions 0aUnited StatesxEconomic conditionsy1918-1945 0aUnited StatesxReligiony1901-19451 aLynd, Helen Merrell,d1896-1982